000 00667nam a2200229 a 4500
005 20240925064706.0
008 070926s1992 mx r 000 0 spa d
020 _a8477311021
035 _aUPN01000152327
049 _aCG
050 4 _aJC179 F6
_bM5.38 1992
100 1 _aFoucault, Michel,
_d1926-1984
245 1 0 _aMicrofísica del poder /
_ced. y tr. de Julia Varela.
250 _a3a ed.
260 _aMadrid :
_bLa Piqueta,
_c1992.
300 _a200 p.
440 0 _aGenealogía del poder ;
_v1
650 4 _aCiencias políticas
_96023
650 4 _aPoder (Ciencias sociales)
_91203
700 1 _aVarela Fernández, Julia,
_eed.
_932029
905 _aLibro
999 _c124450
_d124450